000 00716nam a2200217Ia 4500
003 GCL
008 140319s9999 xx 000 0 ara d
040 _aGCL /
_cGCL
082 0 4 _a891.7
_bت م
100 1 _aسامى الدروبى
245 1 0 _aالطفولة - المراهقة - الشباب /
_cسامى الدروبى
700 1 _aتولستوى، ليو
300 _a911 ص
490 _aاعمال تولستوى الادبية الكاملة
_v0
650 0 4 _aالادب الروسى
650 0 4 _aالقصص الروسية
650 0 4 _aالقصص القصيرة الروسية
650 0 4 _aتولستوى , ليون
650 0 4 _aالقصص المترجمة للعربية
942 _2ddc
_cBK
999 _c50937
_d50937